000 00714nam a2200217Ii 4500
003 JO-AjNU
008 230606s9999||||xx |||||||||||||| ||und||
020 _a978-1-80181-124-8
040 _aJO-AjNU
_beng
_erda
_cJO-AjNU
041 _aeng
050 1 4 _aQA76.73.2021
100 3 _aSahar, Ahmad, Craig Clayton,
_eauthor
_96587
245 0 0 _aiOS 15 Programming for Beginners: Kickstart your mobile app development journey by building iOS apps with Swift 5.5 and Xcode 13
250 _a6ed
264 3 1 _aBIRMINGHAM-MUMBAL : PACKT,2021
300 _a756p
336 _atext
_btxt
_2rdacontent
337 _aunmediated
_bn
_2rdamedia
338 _avolume
_bnc
_2rdacarrier
650 4 _aProgramming-Beginners
_96588
999 _aE3420
_c3414
_d3414